000 00349nam a22001457a 4500
020 _a0747238154
082 _a813.54
_bKOO
100 _a Koontz, Dean
245 _aHideaway/
_cDean Koontz,
260 _aGreat Britain:
_bHeadline Book Publishing;
_c1992.
300 _a501p.
563 _aPB.
650 _aNovel
_92525
942 _2ddc
_cBK
999 _c607150
_d607150